000 00376nam a2200145Ia 4500
008 230917s9999||||xx |||||||||||||| ||und||
040 _e13154
_aMAIN
041 _aEnglish
082 _a515.35 F121V
100 _aFadell, Albert G
245 0 _aVector calculus and differential equations
260 _aNew Jersey
_bD Van Nostrand
_c1968
300 _axii,558 p.
942 _cBK
999 _c57023
_d57023